|
|
|
|
| LEADER |
00743nab a2200205 i 4500 |
| 001 |
publ20907 |
| 005 |
20210223161851.0 |
| 008 |
210223s2017 hu o 0|| zxx d |
| 022 |
|
|
|a 0864-7003
|
| 024 |
7 |
|
|a 3240460
|2 mtmt
|
| 040 |
|
|
|a SZTE Publicatio Repozitórium
|b hun
|
| 041 |
|
|
|a zxx
|
| 100 |
1 |
|
|a Irinyi Tamás
|
| 245 |
1 |
0 |
|a Munkahelyi konfliktus és kiégés kapcsolata egészségügyi szakdolgozók körében
|h [elektronikus dokumentum] /
|c Irinyi Tamás
|
| 260 |
|
|
|c 2017
|
| 300 |
|
|
|a 22-28
|
| 490 |
0 |
|
|a NŐVÉR
|v 30 No. 3
|
| 700 |
0 |
1 |
|a Lampek Kinga
|e aut
|
| 700 |
0 |
1 |
|a Németh Anikó
|e aut
|
| 856 |
4 |
0 |
|u http://publicatio.bibl.u-szeged.hu/20907/1/munkahelyi-konfliktus-es-kieges-kapcsolata-egeszsegugyi-szakdolgozok-koreben.pdf
|z Dokumentum-elérés
|